| Tag |
First Indicator |
Second Indicator |
Subfields |
| LEADER |
00000cam a2200000 4500 |
| 001 |
in00000022129 |
| 005 |
20151007063855.0 |
| 008 |
720712s1939 nyucf 00010 eng u |
| 010 |
|
|
|a 39030566
|
| 035 |
|
|
|a (OCoLC)00353260
|
| 035 |
|
|
|9 AAD8473AM
|
| 040 |
|
|
|c WSU
|d TXA
|d UtOrBLW
|
| 049 |
|
|
|a TXAM
|c [124639]
|
| 050 |
|
0 |
|a PR3105
|b .D8
|
| 092 |
|
|
|a 822.33
|b GD923
|
| 100 |
1 |
|
|a Dunn, Esther Cloudman,
|d 1891-
|
| 245 |
1 |
0 |
|a Shakespeare in America /
|c by Esther Cloudman Dunn ...
|
| 264 |
|
1 |
|a New York :
|b The Macmillan company,
|c 1939.
|
| 300 |
|
|
|a xiv pages, 2 ., 3-310 pages :
|b 7 plates, portrait ;
|c 22 cm.
|
| 336 |
|
|
|a text
|b txt
|2 rdacontent
|
| 337 |
|
|
|a unmediated
|b n
|2 rdamedia
|
| 338 |
|
|
|a volume
|b nc
|2 rdacarrier
|
| 500 |
|
|
|a "First printing."
|
| 600 |
1 |
0 |
|a Shakespeare, William,
|d 1564-1616
|x Stage history
|z United States.
|
| 650 |
|
0 |
|a Theater
|z United States.
|
| 651 |
|
0 |
|a United States
|x Intellectual life.
|
| 999 |
|
|
|a MARS
|
| 999 |
f |
f |
|s 0b613595-a003-3df1-b257-a1678aef56b5
|i 54bc7cd1-43cf-3d54-8cd5-b4b91a918a09
|t 0
|
| 952 |
f |
f |
|p normal
|a Texas A&M University
|b College Station
|c Sterling C. Evans Library
|d Evans: Library Stacks
|t 0
|e PR3105 .D8
|h Library of Congress classification
|i unmediated -- volume
|m A14801308076
|
| 998 |
f |
f |
|a PR3105 .D8
|t 0
|l Evans: Library Stacks
|